Middle Letter Geography II Quiz Stats

 Plays Quiz Updated Feb 7, 2020

Support Sporcle.
Go Orange.
Score 0/17 Timer 06:00
0 Plays Today
Middle Letter Country or Capital % Correct
AAlbania/Croatia/Bahamas/Belarus/Caracas...
90.9%
LFinland/Iceland/Ireland/Tallinn/Tbilisi
81.9%
GBangkok/Belgium/Hungary/Uruguay
79.3%
MDenmark/Germany/Thimphu
78.4%
EAlgeria/Armenia/Liberia/Nigeria/Senegal/Yerevan
78.1%
OAndorra/Comoros/Estonia/Lesotho/Morocco/Nicosia
77%
TAustria/Eritrea/São Tomé/Vietnam
74.9%
IAlgiers/Bolivia/Honiara/Namibia/Palikir/Tunisia
71.8%
RBahrain/Georgia/Nairobi
53.4%
Middle Letter Country or Capital % Correct
UBurundi/Vanuatu/Yaoundé
50.9%
NGrenada/Myanmar/Vilnius
47.3%
JBeijing/San José
38%
HBaghdad/Bishkek
29.1%
DMoldova
27.4%
CCzechia
24.8%
PKampala/Tripoli
19.9%
BMbabane
8%

You're not logged in!

Compare scores with friends on all Sporcle quizzes.
OR
Log In
Forgot?

From the Vault

Famous Military Leaders by Nickname

by dmartin1982

History 8m
Some of these nicknames are scarier than others.
Remove Ads.
Support Sporcle.
Get the best of Sporcle when you Go Orange. This ad-free experience offers more features, more stats, and more fun while also helping to support Sporcle. Thank you for becoming a member.

Show Comments

Extras

Top Quizzes Today


Score Distribution

Your Account Isn't Verified!

In order to create a playlist on Sporcle, you need to verify the email address you used during registration. Go to your Sporcle Settings to finish the process.

Report this User

Report this user for behavior that violates our Community Guidelines.

Details: